Normal view
MARC view
Entry Nombre personal
001 - NÚMERO DE CONTROL
- campo de control: 942
003 - IDENTIFICADOR DE NÚMERO DE CONTROL
- campo de control: DLC
005 - FECHA Y HORA DE LA ÚLTIMA TRANSACCIÓN
- campo de control: 20260320112934.0
008 - ELEMENTOS DE DATO DE LONGITUD-FIJA
- campo de control de longitud fija: 040106n| acannaabn |n aaa
010 ## - NÚMERO DE CONTROL DE LA BIBLIOTECA DEL CONGRESO
- Número de control de LC: n 2004088152
040 ## - FUENTE DE CATALOGACIÓN
- Centro catalogador/agencia de origen: DLC
- Lengua de catalogación: eng
- Centro/agencia transcriptor: DLC
100 1# - ENCABEZAMIENTO-NOMBRE DE PERSONA
- Nombre de persona: Lesgart, Cecilia
670 ## - FUENTE DE DATOS ENCONTRADOS
- Cita de la fuente: Fernández, Arturo. La ciencia política en la Argentina, c2002:
- Información encontrada: t.p. (Cecilia Lesgart) p. 4 of cover (postdoc. fellow, CONICET; prof. titular de problemática política, Fac. de Trabajo Social, UNER)